00592nam a22002297a 4500003000500000005001700005008004100022010001000063011001000073020001500083035001000098040000900108082002100117110000800138245007100146260002400217300001000241490003300251650002800284650001700312830003300329CHAP20220817043648.0000427d1999 it rn 00110 eng d a80931 a81903 a9251043221 a92386 cCHAP10a639.2bF46 v.5952 aFAO10aReport of the session of the committee on fisheries (23o)c/by FAO aRome :bFAO,c1999. a70 p. 0aFAO. Informe de pescav; 59514aPescaxInvestigación.14aPesquería.0 aFAO. Informe de pescav; 595